01255nab a22002417a 4500003000400000005001700004008004100021040000700062100002300069245010100092260007200193300001100265500003800276505031200314505008900626650002000715650002100735650002400756650002700780650004300807700003100850773013200881OSt20251231175631.0190605e xxu||||| |||| 00| 0 spa d cPJ aCarnota, Walter F.13aEl recurso extraordinario federal en materia previsional /cWalter F. Carnota, Lucas De Venezia. aCiudad Autónoma de Buenos Aires :bThomson Reuters La Ley,c2023. ap. 219 aCita: TR LALEY AR/DOC/933/2023.  aSumario: I. Introducción: el contexto.— II. Historia y realidad. Las diversas vidas del recurso extraordinario previsional.— III. El necesario análisis procesal. Precisiones conceptuales.— IV. El recorrido jurisprudencial.— V. Recurso Extraordinario digital, su actualidad.— VI. Conclusiones.  t¿Te interesa el texto completo? Solicitalo al correo: koha@justierradelfuego.gov.ar 0aDERECHO LABORAL 0aSEGURIDAD SOCIAL 0aSISTEMA PREVISIONAL 0aRECURSO EXTRAORDINARIO 0aCORTE SUPREMA DE JUSTICIA DE LA NACION aDe Venezia, Lucasecoautor0 02711dCiudad Autónoma de Buenos Aires : Thomson Reuters La Ley, 1999-2002.tRevista de derecho del trabajo. Nº 3 - Mayo 2023